[Event "Sant Boi de Llobregat op 21st"]
[Site "Sant Boi de Llobregat"]
[Date "2009.06.05"]
[Round "6.5"]
[White "Muntane Rodrigo, Josep Maria"]
[Black "Chalmeta Torredemer, Josep"]
[Result "0-1"]
[WhiteElo "1958"]
[BlackElo "2191"]
[PlyCount "204"]
[EventDate "2009.04.24"]
[EventType "swiss"]
[EventRounds "8"]
[EventCountry "ESP"]
[SourceTitle "EXT 2024"]
[Source "ChessBase"]
[SourceDate "2023.10.10"]
[SourceVersion "1"]
[SourceVersionDate "2023.10.10"]
[SourceQuality "1"]

1. d4 Nf6 2. c4 e6 3. Nc3 Bb4 4. Qc2 c5 5. e3 Nc6 6. Nf3 0-0 7. a3 Bxc3+ 8. Qxc3 d6 9. Bd3 b6 10. 0-0 Bb7 11. b4 Rc8 12. dxc5 bxc5 13. Bb2 Ne7 14. Rfd1 Qc7 15. Rac1 Ng6 16. Ng5 Rfd8 17. Ne4 Bxe4 18. Bxe4 Ne5 19. Bd3 Nxd3 20. Rxd3 Ne8 21. e4 f6 22. Rh3 Qf7 23. Qd3 e5 24. b5 Nc7 25. a4 Ne6 26. Qa3 Nf4 27. Re3 Qg6 28. g3 Nh3+ 29. Kg2 Ng5 30. Qd3 Ne6 31. Qd5 Qf7 32. Kf1 Nd4 33. f4 Qxd5 34. exd5 Rd7 35. fxe5 fxe5 36. Kg2 Rdc7 37. Bc3 Rf7 38. Rf1 Nf5 39. Ref3 Rcf8 40. Kg1 h5 41. R1f2 g5 42. Bd2 g4 43. Ra3 Nd4 44. Rxf7 Rxf7 45. Kg2 Nf3 46. Bc1 Kf8 47. a5 Ne1+ 48. Kg1 Nf3+ 49. Kf2 Nd4+ 50. Kg2 Nc2 51. Ra2 Ne1+ 52. Kg1 Nf3+ 53. Kf2 Nxh2+ 54. Ke2 h4 55. gxh4 g3 56. Be3 Nf3 57. a6 Kg7 58. b6 Nd4+ 59. Bxd4 cxd4 60. Ke1 e4 61. b7 Rf8 62. Rg2 Kf6 63. Rxg3 Ke5 64. Rg7 d3 65. Rc7 e3 66. Rc8 d2+ 67. Ke2 Rf1 68. Kxe3 d1Q 69. Re8+ Kf5 70. Rf8+ Ke5 71. Rxf1 Qxf1 72. b8Q Qf4+ 73. Kd3 Qd4+ 74. Kc2 Qxc4+ 75. Kd2 Qxd5+ 76. Ke1 Qa5+ 77. Kf2 Qxa6 78. Qb2+ Kf5 79. Qc2+ Kf6 80. Qc3+ Kf7 81. Qb3+ Ke7 82. Qe3+ Kd7 83. Qh3+ Kd8 84. Qe6 Qb6+ 85. Kf3 Qb7+ 86. Kf4 Qe7 87. Qg8+ Kd7 88. Qg4+ Ke8 89. Qc8+ Kf7 90. Qc4+ Kg7 91. Qc3+ Qf6+ 92. Qxf6+ Kxf6 93. Ke4 Kg6 94. Kf4 Kh5 95. Ke4 Kxh4 96. Kd5 a5 97. Kc4 Kg4 98. Kb5 Kf4 99. Kxa5 d5 100. Kb4 d4 101. Kb3 Ke3 102. Kc2 Ke2 0-1